书目信息 |
| 题名: |
科技之巅
|
|
| 作者: | ;麻省理工科技评论 著 | |
| 分册: | ||
| 出版信息: | 北京 人民邮电出版社 2016.11 |
|
| 页数: | 312页 | |
| 开本: | 26cm | |
| 丛书名: | ||
| 单 册: | ||
| 中图分类: | N11 | |
| 科图分类: | ||
| 主题词: | 科学技术--技术发展--研究--世界 | |
| 电子资源: | ||
| ISBN: | 978-7-115-43768-6 | |
| 000 | 01230nam0 2200241 450 | |
| 001 | 1430 | |
| 005 | 20180928102611.93 | |
| 010 | @a978-7-115-43768-6@dCNY98.00 | |
| 100 | @a20170215d2016 em y0chiy50 ea | |
| 101 | 0 | @achi |
| 102 | @aCN@b110000 | |
| 105 | @aa z 000yy | |
| 200 | 1 | @a科技之巅@9ke ji zhi dian@dBreakthrough technologies@e《麻省理工科技评论》50大全球突破性技术深度剖析@f麻省理工科技评论著@zeng |
| 210 | @a北京@c人民邮电出版社@d2016.11 | |
| 215 | @a312页@c图@d26cm | |
| 330 | @a本书收集了2012-2016年的五十大突破性技术,并邀请国内外技术专家对每项技术的应用、未来发展及投资潜力进行点评。这些技术代表了当前世界科技的发展前沿和未来发展方向,集中反映了近年来世界科技发展的新特点和新趋势,其中许多技术已经走向市场。这些技术是为解决问题而生,将会极大地扩展人类的潜能,也最有可能改变世界的面貌,值得在未来十年内给予特别关注。 | |
| 510 | 1 | @aBreakthrough technologies@zeng |
| 517 | 1 | @a《麻省理工科技评论》50大全球突破性技术深度剖析@9《 ma sheng li gong ke ji ping lun 》 50 da quan qiu tu po xing ji shu shen du pou xi |
| 606 | 0 | @a科学技术@x技术发展@x研究@y世界 |
| 690 | @aN11@v5 | |
| 711 | 02 | @a麻省理工科技评论@9ma sheng li gong ke ji ping lun@4著 |
| 801 | 0 | @aCN@b91MARC@c20170215 |
| 905 | @aMuseLib@dN11@e133 | |
| 科技之巅=Breakthrough technologies:《麻省理工科技评论》50大全球突破性技术深度剖析/麻省理工科技评论著.-北京:人民邮电出版社,2016.11 |
| 312页:图;26cm |
| ISBN 978-7-115-43768-6:CNY98.00 |
| 本书收集了2012-2016年的五十大突破性技术,并邀请国内外技术专家对每项技术的应用、未来发展及投资潜力进行点评。这些技术代表了当前世界科技的发展前沿和未来发展方向,集中反映了近年来世界科技发展的新特点和新趋势,其中许多技术已经走向市场。这些技术是为解决问题而生,将会极大地扩展人类的潜能,也最有可能改变世界的面貌,值得在未来十年内给予特别关注。 |
| ● |
| 相关链接 |
|
|
|
|
正题名:科技之巅
索取号:N11/133
 
预约/预借
| 序号 | 登录号 | 条形码 | 馆藏地/架位号 | 状态 | 备注 |
| 1 | 1122629 | 211226298 | 第二样本阅览室/ [索取号:N11/133] | 在馆 | |
| 2 | 1122630 | 211226305 | 密集书库-资源管理系/ [索取号:N11/133] | 在馆 | |
| 3 | 1122631 | 211226314 | 第三借阅区/ [索取号:N11/133] | 在馆 |